000 00211nam a22000977a 4500
999 _c262625
_d262624
020 _a9780545007368
100 _aJeff Bauer
245 _aWhat Is an Insect?
260 _aNew York
_bScholastic
_c2008
942 _cBK